The epic of Cuba Libre : the mambí, mythopoetics, and liberation /

An exposition and analysis of how the legend of the Cuban freedom fighter has been retold and manifested in Cuban literature, film, public monuments and even its national currency.

Bibliographic Details
Main Author: Morales-Franceschini, Eric (Author)
Format: Book
Language:English
Published: Charlottesville : University of Virginia Press, [2022].
Series:New World studies.
Subjects:

MARC

Tag First Indicator Second Indicator Subfields
LEADER 00000cam a2200000 i 4500
001 in00004589621
003 OCoLC
005 20220810183414.3
008 220126t20222022vaua b 001 0 eng
010 |a  2021061602 
040 |a DLC  |e rda  |c DLC 
020 |a 9780813948140  |q hardcover :  |q acid-free paper 
020 |a 0813948142  |q hardcover :  |q acid-free paper 
020 |a 9780813948157  |q paperback :  |q acid-free paper 
020 |a 0813948150  |q paperback :  |q acid-free paper 
020 |z 9780813948164  |q electronic book 
035 |a (OCoLC)1285566402 
043 |a nwcu--- 
050 0 0 |a PQ7378  |b .M67 2022 
082 0 0 |a 860.9/3587291064  |2 23/eng/20220310 
100 1 |a Morales-Franceschini, Eric,  |e author. 
245 1 4 |a The epic of Cuba Libre :  |b the mambí, mythopoetics, and liberation /  |c Éric Morales-Franceschini. 
264 1 |a Charlottesville :  |b University of Virginia Press,  |c [2022]. 
264 4 |c ©2022. 
300 |a xi, 242 pages :  |b illustrations ;  |c 24 cm. 
336 |a text  |b txt  |2 rdacontent 
337 |a unmediated  |b n  |2 rdamedia 
338 |a volume  |b nc  |2 rdacarrier 
490 1 |a New world studies 
504 |a Includes bibliographical references and index. 
505 0 |a Introduction: Epic of the dispossessed -- The epic marooned: Blackness and the desire called Cuba libre -- ¡Empínate!: of motherhood, mimicry, and the mambisa -- The epic travestied: choteo and the mambí as populist trickster -- ¡Al machete!: on epic violence -- The epic (de)sacralized: sacrifice and the specter of the camp -- Epilogue: On moral equivalence in the twenty-first century. 
520 |a An exposition and analysis of how the legend of the Cuban freedom fighter has been retold and manifested in Cuban literature, film, public monuments and even its national currency. 
650 0 |a Cuban literature  |y 20th century  |x History and criticism. 
650 0 |a Revolutionaries in literature. 
650 0 |a Revolutionaries in popular culture. 
650 0 |a Archetype (Psychology) in literature. 
651 0 |a Cuba  |x History  |y Insurrection, 1868-1878  |x Literature and the insurrection. 
651 0 |a Cuba  |x History  |y Revolution, 1879-1880  |x Literature and the revolution. 
651 0 |a Cuba  |x History  |y Revolution, 1895-1898  |x Literature and the revolution. 
830 0 |a New World studies. 
945 |b 384317 
947 |a A14851590472 
948 |a dmitchel 8/9/22 1.30.20 
980 |b print  |c 40031230456  |f NONFIC/B  |g 565714  |k USD  |m 76.95  |q 1  |s AcqMono Conventional  |t Approval plan  |u Vendor order reference number  |v ZYBP  |y Print approval  |z Physical resource 
999 f f |i 50c59928-3665-44b0-9b5a-d4712f940234  |s d8b36691-5849-4757-a1aa-d238d217237d  |t 0 
952 f f |p normal  |a Texas A&M University  |b College Station  |c Sterling C. Evans Library  |s Evans stk  |d Evans: Library Stacks  |t 0  |e PQ7378 .M67 2022  |h Library of Congress classification  |i unmediated -- volume  |m A14851590472